NLSUI OPAC header image

The Oxford handbook of interdisciplinarity / (Record no. 111786)

MARC details
000 -LEADER
fixed length control field 00973cam a22002777i 4500
001 - CONTROL NUMBER
control field 19248081
005 - DATE AND TIME OF LATEST TRANSACTION
control field 20260113045341.0
008 - FIXED-LENGTH DATA ELEMENTS--GENERAL INFORMATION
fixed length control field 160825t20172017enka bf 001 0 eng d
020 ## - INTERNATIONAL STANDARD BOOK NUMBER
International Standard Book Number 9780198733522
Qualifying information (hbk.)
020 ## - INTERNATIONAL STANDARD BOOK NUMBER
International Standard Book Number 0198733526
Qualifying information (hbk.)
082 ## - DEWEY DECIMAL CLASSIFICATION NUMBER
Classification number 300.072 FRO
245 04 - TITLE STATEMENT
Title The Oxford handbook of interdisciplinarity /
Statement of responsibility, etc. Robert Frodeman, Julie Thompson Klein and Roberto C.S. Pacheco.
250 ## - EDITION STATEMENT
Edition statement 2nd ed.
264 #1 - PRODUCTION, PUBLICATION, DISTRIBUTION, MANUFACTURE, AND COPYRIGHT NOTICE
Place of production, publication, distribution, manufacture Oxford :
Name of producer, publisher, distributor, manufacturer Oxford University Press,
Date of production, publication, distribution, manufacture, or copyright notice 2017.
300 ## - PHYSICAL DESCRIPTION
Extent xxviii, 622 p. :
Other physical details ill. ;
Dimensions 26 cm.
490 1# - SERIES STATEMENT
Series statement Oxford handbooks
650 #0 - SUBJECT ADDED ENTRY--TOPICAL TERM
Topical term or geographic name entry element Interdisciplinary approach to knowledge.
650 #0 - SUBJECT ADDED ENTRY--TOPICAL TERM
Topical term or geographic name entry element Interdisciplinary research.
650 #0 - SUBJECT ADDED ENTRY--TOPICAL TERM
Topical term or geographic name entry element Cognitive science
General subdivision Research.
700 1# - ADDED ENTRY--PERSONAL NAME
Personal name Frodeman, Robert
Relator term editor.
700 1# - ADDED ENTRY--PERSONAL NAME
Personal name Klein, Julie Thompson
Relator term editor.
700 1# - ADDED ENTRY--PERSONAL NAME
Personal name Pacheco, Roberto C. S.
Relator term editor.
830 #0 - SERIES ADDED ENTRY--UNIFORM TITLE
Uniform title Oxford handbooks.
856 ## - ELECTRONIC LOCATION AND ACCESS
Uniform Resource Identifier <a href="https://academic.oup.com/edited-volume/27968">https://academic.oup.com/edited-volume/27968</a>
Link text Table of contents
942 ## - ADDED ENTRY ELEMENTS (KOHA)
Source of classification or shelving scheme Dewey Decimal Classification
Koha item type BOOKs
Holdings
Withdrawn status Lost status Damaged status Not for loan Collection code Home library Current library Shelving location Date acquired Total Checkouts Full call number Barcode Date last seen Date last checked out Price effective from Koha item type
          . . General Stacks 05.11.2018 1 300.072 FRO 35209 22.04.2021 16.10.2020 05.11.2018 BOOKs